Central Library OPAC University of Rajshahi

মরা মানুষের পাঠশালা / (Record no. 39117)

MARC details
000 -LEADER
fixed length control field 00738nam a2200217 a 4500
001 - CONTROL NUMBER
control field 39117
003 - CONTROL NUMBER IDENTIFIER
rucl marc code BD-RjUL
005 - DATE AND TIME OF LATEST TRANSACTION
control field 20211209052924.0
008 - FIXED-LENGTH DATA ELEMENTS--GENERAL INFORMATION
fixed length control field 160405t1993 bg ||||e |||| 00| 0 ben d
020 ## - INTERNATIONAL STANDARD BOOK NUMBER
Terms of availability Tk. 35.00
035 ## - SYSTEM CONTROL NUMBER
System control number (BD-RjUL)39229
040 ## - CATALOGING SOURCE
Original cataloging agency BD-RjUL
Language of cataloging eng
Transcribing agency BD-RjUL
041 ## - LANGUAGE CODE
Language code of text/sound track or separate title eng
082 ## - DEWEY DECIMAL CLASSIFICATION NUMBER
Edition number 23
Classification number 891.442
Author mark and year ALM 1993
100 ## - MAIN ENTRY--PERSONAL NAME
Personal name আলম, নাজমুল.
9 (RLIN) 120705
245 10 - TITLE STATEMENT
Title মরা মানুষের পাঠশালা /
Statement of responsibility, etc. নাজমুল আলম.
260 ## - PUBLICATION, DISTRIBUTION, ETC. (IMPRINT)
Place of publication, distribution, etc. ঢাকা :
Name of publisher, distributor, etc. বাংলাদেশ শিল্পকলা একাডেমী ,
Date of publication, distribution, etc. ১৯৯৩ .
300 ## - PHYSICAL DESCRIPTION
Pagination [১২] ,১১৬ পৃ. :
Size ২২ সেমি.
650 ## - SUBJECT ADDED ENTRY--TOPICAL TERM
Topical term or geographic name as entry element Bengali Drama
9 (RLIN) 120706
942 ## - ADDED ENTRY ELEMENTS (KOHA)
Source of classification or shelving scheme Dewey Decimal Classification
Koha item type Books
Holdings
Lost status Source of classification or shelving scheme Damaged status Not for loan Collection code Permanent Location Current Location Shelving location Date acquired Source of acquisition Cost, normal purchase price Total Checkouts Full call number Date last seen Copy number Koha item type
  Dewey Decimal Classification   Not For Loan Non-fiction Central Library, University of Rajshahi Central Library, University of Rajshahi Reading Room 24/06/2013 Bangladesh shilopokola academy ,dhaka 35.00   B 891.442 ALM 1993 05/04/2016 C-1 Books
  Dewey Decimal Classification     Non-fiction Central Library, University of Rajshahi Central Library, University of Rajshahi   24/06/2013 Bangladesh shilopokola academy ,Dhaka 35.00   B 891.442 ALM 1993 05/04/2016 C-2 Books
  Dewey Decimal Classification     Non-fiction Central Library, University of Rajshahi Central Library, University of Rajshahi   24/06/2013 Bangladesh shilopokola academy ,Dhaka 35.00   B 891.442 ALM 1993 05/04/2016 C-3 Books